Catálogo
 En Linea

El destino dominicano : (Registro nro. 21337)

Detalles MARC
000 -CABECERA
campo de control de longitud fija 01156nam a2200265 a 4500
001 - NÚMERO DE CONTROL
campo de control 000021839
003 - IDENTIFICADOR DEL NÚMERO DE CONTROL
campo de control DO-SdBNP
005 - FECHA Y HORA DE LA ÚLTIMA TRANSACCIÓN
campo de control 20250618123357.0
008 - DATOS DE LONGITUD FIJA--INFORMACIÓN GENERAL
campo de control de longitud fija 100913s1975 sp c 000 0 spa d
040 ## - FUENTE DE LA CATALOGACIÓN
Centro catalogador/agencia de origen DO-SdBNP
Lengua de catalogación spa
Centro/agencia transcriptor BNPHU
082 ## - NÚMERO DE LA CLASIFICACIÓN DECIMAL DEWEY
Número de clasificación 972.93053
Número de documento/Ítem M379d, 1975
100 1# - ENTRADA PRINCIPAL--NOMBRE DE PERSONA
Nombre de persona Martín, John Bartlow,
Fechas asociadas al nombre 1915-1987
9 (RLIN) 45352
240 10 - TÍTULO UNIFORME
Título uniforme Overtaken by events
Lenguaje de la obra Español
245 13 - MENCIÓN DE TÍTULO
Título El destino dominicano :
Resto del título la crisis dominicana desde la caida de Trujillo hasta la guerra civil /
Mención de responsabilidad, etc. John Bartlow Martín ; traducción Víctor García Díez, J. Federico Martín.
260 ## - PUBLICACIÓN, DISTRIBUCIÓN, ETC.
Lugar de publicación, distribución, etc. Santo Domingo :
Nombre del editor, distribuidor, etc. Editora de Santo Domingo,
Fecha de publicación, distribución, etc. 1975.
300 ## - DESCRIPCIÓN FÍSICA
Extensión 750 p. :
Otras características físicas retrs. ;
Dimensiones 24 cm.
651 #4 - PUNTO DE ACCESO ADICIONAL DE MATERIA--NOMBRE GEOGRÁFICO
Nombre geográfico República Dominicana
Subdivisión general Historia
Subdivisión cronológica Golpe de Estado, 1963
9 (RLIN) 34712
651 #4 - PUNTO DE ACCESO ADICIONAL DE MATERIA--NOMBRE GEOGRÁFICO
Nombre geográfico Repúbica Dominicana
Subdivisión general Historia
Subdivisión cronológica Revolución, 1965-
9 (RLIN) 45353
651 #4 - PUNTO DE ACCESO ADICIONAL DE MATERIA--NOMBRE GEOGRÁFICO
Nombre geográfico República Dominicana
Subdivisión general Relaciones exteriores
Subdivisión geográfica Estados Unidos
9 (RLIN) 6308
651 #4 - PUNTO DE ACCESO ADICIONAL DE MATERIA--NOMBRE GEOGRÁFICO
Nombre geográfico Estados Unidos
Subdivisión general Relaciones Exteriores
Subdivisión geográfica República Dominicana
9 (RLIN) 6309
700 1# - PUNTO DE ACCESO ADICIONAL--NOMBRE DE PERSONA
Nombre de persona García Díez, Víctor,
Término indicativo de función/relación tr.
9 (RLIN) 45354
700 1# - PUNTO DE ACCESO ADICIONAL--NOMBRE DE PERSONA
Nombre de persona Martín, Federico J.
Término indicativo de función/relación tr.
9 (RLIN) 45355
910 ## - DATOS DE OPCIÓN DEL USUARIO (OCLC)
Datos de opción del usuario Validado. Control de calidad MFF
942 ## - ELEMENTOS DE PUNTO DE ACCESO ADICIONAL (KOHA)
Fuente del sistema de clasificación o colocación Dewey Decimal Classification
Tipo de ítem Koha Libro
Existencias
Estado de retiro Estado de pérdida Restricciones de uso No para préstamo Código de colección Localización permanente Ubicación/localización actual Ubicación en estantería Fecha de adquisición Número de inventario Total de préstamos Signatura topográfica completa Código de barras Fecha visto por última vez Número de copia Precio válido a partir de Tipo de ítem Koha Nota pública
        Monografías: Libros y Folletos General General Depósito 09.09.2011 LF1   972.93053 M386d, 1975 21839-40 25.06.2020 e. 4 25.06.2020 Préstamo en sala  
        Monografías: Libros y Folletos General General Depósito 09.09.2011 LF1   972.93053 M386d, 1975 21839-50 25.06.2020 e. 5 25.06.2020 Préstamo en sala  
      Excluido de préstamo Monografías: Libros y Folletos Patrimonio Dominicano Patrimonio Dominicano Depósito 13.09.2010 LF1   972.93053 M386d, 1975 21839-10 25.06.2020   25.06.2020 No se presta Perteneció a la biblioteca personal de Germán Emilio Ornes.
      Excluido de préstamo Monografías: Libros y Folletos Patrimonio Dominicano Patrimonio Dominicano Depósito 15.09.2010 LF1   972.93053 M386d, 1975 21839-20 25.06.2020 e. 2 25.06.2020 No se presta Perteneció a la biblioteca personal de Germán Emilio Ornes.
        Monografías: Libros y Folletos Patrimonio Dominicano Patrimonio Dominicano Depósito 22.09.2010 LF1   972.93053 M386d, 1975 21839-30 25.06.2020 e. 3 25.06.2020 Préstamo en sala Perteneció a la biblioteca personal de Juan Isidro Jimenes Grullón.

Con tecnología Koha